| 000 | 00737nam a22002177a 4500 | ||
|---|---|---|---|
| 005 | 20251108164236.0 | ||
| 008 | 250721s1995 xx 000 0 ara d | ||
| 082 | 1 | 4 | _a791.430973/وار |
| 100 | 1 | _aبول، وارن | |
| 245 | 1 | 0 | _aخفايا نظام النجم الأمريكي / |
| 264 | 1 |
_aالقاهره : _bالهيئه المصريه العامه للكتاب، _c1995. |
|
| 300 | _a174ص | ||
| 490 | 0 | _aالألف كتاب الثاني ؛ 184 : الكتاب السينمائي | |
| 650 | 1 | 7 | _aالسينما |
| 650 | 1 | 7 | _aالولايات المتحدة |
| 650 | 1 | 7 | _aالأفلام السينمائية |
| 650 | 1 | 7 | _aالتراجم |
| 700 | 1 |
_aطوسون، حليم _eترجمة |
|
| 942 |
_2ddc _cBK |
||
| 999 |
_c7237 _d7237 |
||